000 00267nam a22000977a 4500
008 240220b |||||||| |||| 00| 0 eng d
082 _a920.72
_bD87c
100 1 0 _aDurán, Renata
_eautor
_943470
245 _aCuatro mujeres imprescindibles /
_cRenata Durán
942 _2ddc
999 _c30669
_d17053